000 00395nam a2200145Ia 4500
008 230312s9999||||xx |||||||||||||| ||und||
020 _a9781442562714
082 _a658.403
_bKRO-U
100 _aThomas,Orin
245 0 _aExam ref 70-347 : enabling Office 365 services
260 _bPearson
_aChina
_c2013
300 _a422
650 _aManagement
_vManagement Information Systems
942 _cBK
999 _c17548
_d17548